• 首页
  • 本馆介绍
  • 公告通知
  • 最新文献
  • 馆藏检索
  • 电子资源
  • 读者导购
  • 参考咨询
  • 我的图书馆
  • 登录
  • 详细信息显示
  • 放入我的书架
  • 预约/预借图书
  • 作者相关作品
  • 分类相关作品
  • 丛书相关作品
  • 出版社相关作品

书目信息

  • 表格格式
  • 工作单格式
  • 卡片格式
题名:
日历上的百科知识366天
    
 
作者: 胡建中 编 ;封面设计 周建民
分册:  
出版信息: 北京   中国少年儿童出版社  1982
页数: 451页
开本: 20cm
丛书名:
单 册:
中图分类: Z228 , I287.5
科图分类:
主题词: 儿童文学--中国 , 儿童文学--中国--丛书
电子资源:
ISBN:
000 00760nam0 2200241 450
001 1559029891
005 20150130143332.03
010    @dCNY1.05
100    @a20060817d1982 km y0chiy0120 ea
101 0  @achi
102    @aCN@b110000
102    @aCN@b110000
200 1  @a日历上的百科知识366天@Ari li shang de bai ke zhi shi 366 tian@f胡建中编@Fhu jian zhong bian@g封面设计 周建民@Gfeng mian she ji zhou jian min
210    @a北京@c中国少年儿童出版社@d1982
215    @a451页@c图@d20cm
606 0  @a儿童文学@x中国
606 0  @a儿童文学@x中国@x丛书
690    @aZ228@v3
690    @aI287.5@v4
701  0 @a胡建中@Ahu jian zhong@4编
702  0 @a封面设计 周建民@Afeng mian she ji zhou jian min
801  0 @aCN@bTSSF@c20150130
905    @aZUCC@dI287.5@eJY34
    
    日历上的百科知识366天/胡建中编/封面设计 周建民.-北京:中国少年儿童出版社,1982
    451页:图;20cm
    
    
    ISBN :CNY1.05
    
●
相关链接 在E读中查询图书 在五车中查询图书 在当当中查询图书 在豆瓣中查询图书


正题名:日历上的百科知识366天     索取号:I287.5/JY34         预约/预借

序号 登录号 条形码 馆藏地/架位号 状态 备注
1 7863652   278636521   学院路分馆/ [索取号:I287.5/JY34] 在馆    
唐山师范学院图书馆 欢迎您!
大连网信软件有限公司© 版权所有